A corpus-based research on linguistic expressions denoting politeness in american and british political speeches /
First of all, I would like to express my sincerest gratitude to my supervisor Dr. Tran Huu Phuc for introducing me into the exciting field of linguistic politeness under the umbrella of corpus-based methodology which I had little knowledge of before. I would also like to express gratitude to my supe...
Shranjeno v:
| Glavni avtor: | |
|---|---|
| Format: | Knjiga |
| Jezik: | English |
| Izdano: |
ĐHNN,
2016.
|
| Teme: | |
| Oznake: |
Označite
Brez oznak, prvi označite!
|
| Thư viện lưu trữ: | Mạng thư viện Đại học Đà Nẵng |
|---|
| LEADER | 03764nam a22003731a 4500 | ||
|---|---|---|---|
| 001 | 000041138 | ||
| 003 | 17434 | ||
| 005 | 20240619153612.0 | ||
| 008 | 170223s2016 vm 000 eng | ||
| 041 | |a eng | ||
| 082 | |a 302.2 |b TÔ-Y | ||
| 100 | |a Tôn,Nữ Hoàng Yến. | ||
| 245 | 2 | |a A corpus-based research on linguistic expressions denoting politeness in american and british political speeches / |c Tôn Nữ Hoàng Yến. | |
| 260 | |a ĐHNN, |c 2016. | ||
| 300 | |a 64tr . : ill ; 30cm. | ||
| 520 | |a First of all, I would like to express my sincerest gratitude to my supervisor Dr. Tran Huu Phuc for introducing me into the exciting field of linguistic politeness under the umbrella of corpus-based methodology which I had little knowledge of before. I would also like to express gratitude to my supervisor for his patient guidance, as well as his practical and targeted advices. These are the factors which have contributed to the production of a better version of the study. I would like to show my profound gratitude to all the lecturers in University of Foreign Language Studies, the University of Danang for tirelessly devoting time and efforts to enrich, broaden and deepen my knowledge over the past two years. I am deeply indebted to my whole family, my mother, my brothers and my sister, especially my husband and my little daughters. Indeed, I can hardly find words to describe the strong and immense support they offered during my years of study. Finally, I can not fully express my gratitude to all people who directly and indirectly offer suggestions for improvement and support me to accomplish my thesis in time. | ||
| 650 | |a linguistic expressions denoting politeness | ||
| 653 | |a british political speeches | ||
| 653 | |a denoting politeness | ||
| 653 | |a linguistic expressions | ||
| OWN | |a LNN | ||
| AVA | |a UDN50 |b LNN |c English |d 302.2 TÔ-Y |e available |t Error 5001 Not defined in file expand_doc_bib_avail. |f 1 |g 0 |h N |i 0 |j AN |k 1 | ||
| Z40 | 3 | |y A CORPUS-BASED RESEARCH ON LINGUISTIC EXPRESSIONS DENOTING POLITENESS IN AMERICAN AND BRITISH POLITI |l Library of UFL |t VIEW |x http://catalog.udn.vn:80/F?func=service&doc_library=UDN01&local_base=UDN01&doc_number=000041138&sequence=000001&line_number=0001&func_code=DB_RECORDS&service_type=MEDIA |f TOMTAT_000008042.pdf |e pdf |s 000547922 |k 20200913 |m NTMTHI | |
| Z40 | 3 | |y A CORPUS-BASED RESEARCH ON LINGUISTIC EXPRESSIONS DENOTING POLITENESS IN AMERICAN AND BRITISH POLITI |l Library of UFL |t VIEW |x http://catalog.udn.vn:80/F?func=service&doc_library=UDN01&local_base=UDN01&doc_number=000041138&sequence=000002&line_number=0002&func_code=DB_RECORDS&service_type=MEDIA |f LUANVAN_000008044.pdf |e pdf |s 001476636 |k 20200913 |m NTMTHI | |
| 999 | |a From the UDN01 | ||
| AVA | |a UDN50 |b LNN |c English |d 302.2 TÔ-Y |e available |t Error 5001 Not defined in file expand_doc_bib_avail. |f 1 |g 0 |h N |i 0 |j AN |k 1 | ||
| TYP | |a Monograph | ||
| TYP | |a Printed language | ||
| 856 | |y A CORPUS-BASED RESEARCH ON LINGUISTIC EXPRESSIONS DENOTING POLITENESS IN AMERICAN AND BRITISH POLITI |l Library of UFL |t VIEW |x http://catalog.udn.vn:80/F?func=service&doc_library=UDN01&local_base=UDN01&doc_number=000041138&sequence=000001&line_number=0001&func_code=DB_RECORDS&service_type=MEDIA |f TOMTAT_000008042.pdf |e pdf |s 000547922 |k 20200913 |m NTMTHI | ||
| 856 | |y A CORPUS-BASED RESEARCH ON LINGUISTIC EXPRESSIONS DENOTING POLITENESS IN AMERICAN AND BRITISH POLITI |l Library of UFL |t VIEW |x http://catalog.udn.vn:80/F?func=service&doc_library=UDN01&local_base=UDN01&doc_number=000041138&sequence=000002&line_number=0002&func_code=DB_RECORDS&service_type=MEDIA |f LUANVAN_000008044.pdf |e pdf |s 001476636 |k 20200913 |m NTMTHI | ||
| 980 | |a Mạng thư viện Đại học Đà Nẵng | ||